Obálka Náhled e-knihy:
PDF Epub
Pro půjčování e-knih musíte být přihlášeni.
Jak si půjčit online?

Kočičí válečníci : nové proroctví. Půlnoc /

Volně navazující fantasy řada, kde hlavními hrdiny jsou divoké kočky ze čtyř klanů.

Uloženo v:
Série:Kočičí válečníci: Nové proroctví, část 1
Hlavní autor: Hunter, Erin (Autor)
Další autoři: Krenželoková, Beata, 1995- (Autor)
Médium: E-kniha
Jazyk:Czech
Vydáno: V Praze : Albatros, 2020
Vydání:1. vydání
Témata:
Příbuzné jednotky:Z cyklu:: Kočičí válečníci: Nové proroctví
Tagy:
Žádné tagy
LEADER 02773nam a2200529 i 4500
001 311126
003 CZ PrSKC
005 20260601215700.0
007 ta
008 200120s2020 xr a c 000 f cze
015 |a cnb003172073 
020 |a 9788000057590  |q (brožováno) :  |c Kč 249,00 
035 |a (OCoLC)1143796285 
040 |a ABG001  |b cze  |e rda 
041 1 |a cze  |h eng 
072 7 |a 821.111-3  |x Anglická próza, anglicky psaná  |2 Konspekt 
072 7 |a 821-93  |x Literatura pro děti a mládež (beletrie)  |2 Konspekt 
080 |a 821.111-31  |2 MRF 
080 |a 821-93  |2 MRF 
080 |a (0:82-312.9)  |2 MRF 
100 1 |a Hunter, Erin  |7 mzk2006363422  |4 aut 
240 1 0 |a Midnight.  |l Česky 
245 1 0 |a Kočičí válečníci :  |b nové proroctví.  |p Půlnoc /  |c Erin Hunterová ; z anglického originálu Warriors, the new prophecy - Midnight ... přeložila Beata Krenželoková 
246 3 0 |a Půlnoc 
250 |a 1. vydání 
264 1 |a V Praze :  |b Albatros,  |c 2020 
300 |a 292 stran :  |b ilustrace ;  |c 21 cm 
336 |a text  |b txt  |2 rdacontent 
337 |a bez média  |b n  |2 rdamedia 
338 |a svazek  |b nc  |2 rdacarrier 
520 2 |a Volně navazující fantasy řada, kde hlavními hrdiny jsou divoké kočky ze čtyř klanů.  |b Lesu, ve kterém kočky doposud žily, hrozí zničení. Objevilo se nové proroctví zvěstující nevyhnutelnou zkázu všech klanů. Jediné záblesky naděje na záchranu se objevují ve snech čtyř mladých koček a kocourů. Hvězdný klan je tak povolává k náročnému úkolu - vydat se na nebezpečnou cestu za hranice známých území. Dokážou Ostrodráp a Vránek překonat vzájemnou nevraživost a spojit síly pro dobro všech klanů? 
521 8 |a Pro čtenáře od 9 let 
655 7 |a anglické romány  |7 fd131814  |2 czenas 
655 7 |a fantasy romány  |7 fd184199  |2 czenas 
655 7 |a publikace pro děti  |7 fd133156  |2 czenas 
655 9 |a English fiction  |2 eczenas 
655 9 |a fantasy novels  |2 eczenas 
655 9 |a children's literature  |2 eczenas 
700 1 |a Krenželoková, Beata,  |d 1995-  |7 xx0243991  |4 trl 
765 1 |t Warriors: The new prophecy 
787 0 8 |i Z cyklu:  |t Kočičí válečníci: Nové proroctví  |g 1 
900 |a ABA001  |b 21 
928 9 |a Albatros Media - Albatros 
044 |a xr 
910 |a RBIT002 
998 |d 203219  |a https://core.palmknihy.cz/api/books/203219/cover?sjzcq0  |b https://core.palmknihy.cz/api/books/203219/cover/400?sjzcq0  |c https://core.palmknihy.cz/api/books/203219/cover/50?sjzcq0  |e 2028-09-04  |g 296  |i 9788000057590  |j https://core.palmknihy.cz/api/books/203219/preview.epub  |k https://core.palmknihy.cz/api/books/203219/preview.pdf  |l   |q 49  |r 1  |s https://www.palmknihy.cz/kniha/203219  |t ebook  |y 2020  |z 0  |v Kočičí válečníci: Nové proroctví  |w 1 
999 |d 311124